| 000 | 00473nam a22001937a 4500 | ||
|---|---|---|---|
| 003 | MPLRDC | ||
| 005 | 20220104143015.0 | ||
| 008 | 210129b ||||| |||| 00| 0 eng d | ||
| 020 | _a957-8332-08-4 | ||
| 082 | _a868.71 DL-4 | ||
| 100 | _a朵拉 | ||
| 245 |
_a把快乐留给自己 _c |
||
| 250 | _a一版一刷 | ||
| 260 |
_a _b稻田出版有限公司 _c1998 |
||
| 300 | _b平 | ||
| 490 | _a稻田丛书. B072 | ||
| 650 | _a马华文学 | ||
| 942 |
_cBK _o868.71 DL-4 |
||
| 999 |
_c35730 _d35720 |
||